00660 2200253 4500001002100000005001500021035002000036007000300056008004100059100001500100245003500115250001300150300003700163082000800200084001400208090001600222260005000238600002100288850001000309020002200319700002000341700002500361990002000386INLIS00000000000360920260529112725 a0010-0621000141ta260529 0 0 aHendrawati1 aMengenal Moluska /cHendrawati a--Cet. 1 a63 hlm. :billus. ;c17,6x 25 cm a573 a573 HEN m a602.6 NUR m a--Jakarta :bIntimedia Cipta nusantara,c2010 4amengenal moluska aPUPAD a978-602-8823-04-30 aRia Novita Sari0 aeditor: Endh Rukmini a25.930/H/DPK/18